<?xml version="1.0" encoding="UTF-8"?>
<collection xmlns="http://www.loc.gov/MARC21/slim">
 <record>
  <leader>01571nam a2200265 a 4500</leader>
  <controlfield tag="001">1/40489</controlfield>
  <controlfield tag="008">101019s2006    gr f     b    00010 gre d</controlfield>
  <datafield tag="020" ind1=" " ind2=" ">
   <subfield code="a">9789606725036</subfield>
  </datafield>
  <datafield tag="035" ind1=" " ind2=" ">
   <subfield code="l">43251</subfield>
  </datafield>
  <datafield tag="040" ind1=" " ind2=" ">
   <subfield code="a">GR-PeUP</subfield>
  </datafield>
  <datafield tag="082" ind1="0" ind2="0">
   <subfield code="a">331.12 ΚΑΜ</subfield>
  </datafield>
  <datafield tag="100" ind1="1" ind2=" ">
   <subfield code="a">Καμινιώτη, Ολυμπία.</subfield>
  </datafield>
  <datafield tag="245" ind1="1" ind2="0">
   <subfield code="a">Ζήτηση ειδικοτήτων και δεξιοτήτων στο Νομό Δωδεκανήσων :</subfield>
   <subfield code="b">αποτελέσματα έρευνας στις ιδιωτικές επιχειρήσεις /</subfield>
   <subfield code="c">Ολυμπία Καμινιώτη, Απόστολος Χαρίσης ; επιμέλεια Ολυμπία Καμινιώτη.</subfield>
  </datafield>
  <datafield tag="260" ind1=" " ind2=" ">
   <subfield code="a">Αθήνα :</subfield>
   <subfield code="b">ΠΑΕΠ,</subfield>
   <subfield code="c">2006.</subfield>
  </datafield>
  <datafield tag="300" ind1=" " ind2=" ">
   <subfield code="a">160 σ. :</subfield>
   <subfield code="b">πιν. ;</subfield>
   <subfield code="c">24 εκ.</subfield>
  </datafield>
  <datafield tag="490" ind1="1" ind2=" ">
   <subfield code="a">Μελέτες ;</subfield>
  </datafield>
  <datafield tag="504" ind1=" " ind2=" ">
   <subfield code="a">Περιέχει βιβλιογραφία.</subfield>
  </datafield>
  <datafield tag="650" ind1=" " ind2="4">
   <subfield code="a">Αγορά εργασίας</subfield>
   <subfield code="z">Ελλάδα</subfield>
   <subfield code="z">Δωδεκάνησος (Νομός).</subfield>
  </datafield>
  <datafield tag="650" ind1=" " ind2="4">
   <subfield code="a">Προσφορά εργασίας</subfield>
   <subfield code="x">Έρευνα</subfield>
   <subfield code="z">Ελλάδα</subfield>
   <subfield code="z">Δωδεκάνησος (Νομός).</subfield>
  </datafield>
  <datafield tag="650" ind1=" " ind2="4">
   <subfield code="a">Επαγγελματική εκπαίδευση</subfield>
   <subfield code="z">Ελλάδα</subfield>
   <subfield code="z">Δωδεκάνησος (Νομός).</subfield>
  </datafield>
  <datafield tag="700" ind1="1" ind2=" ">
   <subfield code="a">Χαρίσης, Αποστόλης Ν.,</subfield>
   <subfield code="d">1956-</subfield>
  </datafield>
  <datafield tag="700" ind1="1" ind2=" ">
   <subfield code="a">Καμινιώτη, Ολυμπία.</subfield>
  </datafield>
  <datafield tag="710" ind1="2" ind2=" ">
   <subfield code="a">Παρατηρητήριο Απασχόλησης Ερευνητική-Πληροφορική Α.Ε.</subfield>
  </datafield>
  <datafield tag="830" ind1=" " ind2=" ">
   <subfield code="a">Μελέτες ;</subfield>
   <subfield code="v">10.</subfield>
  </datafield>
  <datafield tag="852" ind1=" " ind2=" ">
   <subfield code="a">INST</subfield>
   <subfield code="b">UNIPILB</subfield>
   <subfield code="c">MAIN</subfield>
   <subfield code="e">20101019</subfield>
   <subfield code="h">331.12 ΚΑΜ</subfield>
   <subfield code="p">00161865</subfield>
   <subfield code="q">00161865</subfield>
   <subfield code="t">LOAN</subfield>
   <subfield code="y">0</subfield>
   <subfield code="4">1</subfield>
  </datafield>
 </record>
</collection>
